Sida informarse para evitarlo / (Record no. 28492)
[ view plain ]
| 000 -CABECERA | |
|---|---|
| campo de control de longitud fija | 00628nam a2200181 a 4500 |
| 001 - NÚMERO DE CONTROL | |
| campo de control | 000029000 |
| 005 - FECHA Y HORA DE LA ÚLTIMA TRANSACCIÓN | |
| campo de control | 20200930055252.0 |
| 008 - DATOS DE LONGITUD FIJA--INFORMACIÓN GENERAL | |
| campo de control de longitud fija | 110413s1991 dr 000 0 spa d |
| 040 ## - FUENTE DE LA CATALOGACIÓN | |
| Centro catalogador/agencia de origen | DO-SdBNP |
| Lengua de catalogación | spa |
| Centro/agencia transcriptor | BNPHU |
| 049 ## - FONDOS LOCALES (OCLC) | |
| Fondos de biblioteca | BNPD |
| 100 1# - ENTRADA PRINCIPAL--NOMBRE DE PERSONA | |
| Nombre de persona | Naciri, Ivonne |
| 9 (RLIN) | 55921 |
| 240 10 - TÍTULO UNIFORME | |
| Título uniforme | Sida: |
| -- | s informer pour l éveter |
| Lenguaje de la obra | francés |
| 245 10 - MENCIÓN DE TÍTULO | |
| Título | Sida informarse para evitarlo / |
| Mención de responsabilidad, etc. | Ivonne Naciri ; traducción Ysabel, Lionel Germosén Robineau;. |
| 260 ## - PUBLICACIÓN, DISTRIBUCIÓN, ETC. | |
| Lugar de publicación, distribución, etc. | Santo Domingo : |
| Nombre del editor, distribuidor, etc. | Editorial enda caribe, |
| Fecha de publicación, distribución, etc. | 1991. |
| Fabricante | Editora Taller |
| 300 ## - DESCRIPCIÓN FÍSICA | |
| Extensión | 51 P. ; |
| Dimensiones | 21 cm. |
| 700 1# - PUNTO DE ACCESO ADICIONAL--NOMBRE DE PERSONA | |
| Nombre de persona | Ysabel |
| Término indicativo de función/relación | tr. |
| 9 (RLIN) | 55922 |
| 700 1# - PUNTO DE ACCESO ADICIONAL--NOMBRE DE PERSONA | |
| Nombre de persona | Germosén Robineau, Lionel |
| Término indicativo de función/relación | tr. |
| 9 (RLIN) | 55923 |
| Estado de retiro | Estado de pérdida | No para préstamo | Código de colección | Localización permanente | Ubicación/localización actual | Ubicación en estantería | Fecha de adquisición | Número de inventario | Total de préstamos | Signatura topográfica completa | Código de barras | Fecha visto por última vez | Precio válido a partir de | Tipo de ítem Koha |
|---|---|---|---|---|---|---|---|---|---|---|---|---|---|---|
| Excluido de préstamo | Patrimonio Dominicano | Patrimonio Dominicano | Patrimonio Dominicano | En catalogación | 13.04.2011 | LF1 | 29000-10 | 25.06.2020 | 25.06.2020 | Libro y Folleto Colección Patrimonio Dominicano |
